[Event "53rd Groningen Open 2015"]
[Site "Groningen NED"]
[Date "2015.12.30"]
[Round "9.5"]
[White "Petrov, Nikita"]
[Black "Baskin, Robert"]
[Result "1/2-1/2"]
[WhiteTitle "IM"]
[BlackTitle "FM"]
[WhiteElo "2456"]
[BlackElo "2351"]
[WhiteFideId "4101286"]
[BlackFideId "24662402"]
[EventDate "2015.12.21"]

1. c4 c6 2. Nf3 d5 3. g3 Bg4 4. Bg2 e6 5. cxd5 Bxf3 6. Bxf3 cxd5 7. O-O Nc6 8.
d3 Nf6 9. Nc3 Be7 10. Bf4 O-O 11. Qa4 Nd7 12. Rfc1 Bg5 13. Bg2 Bxf4 14. Qxf4 Rc8
15. Rab1 Qf6 16. Nb5 Qxf4 17. gxf4 Ndb8 18. f5 Rfd8 19. Bh3 a6 20. fxe6 axb5 21.
exf7+ Kxf7 22. Bxc8 Rxc8 23. Rc5 Ke6 24. Rxb5 Nd8 25. Rb6+ Ke7 26. Kf1 Nd7 27.
Rb5 Kd6 28. e4 Rc5 29. Rb4 Rc2 30. Re1 Ke5 1/2-1/2

[Event "53rd Groningen Open 2015"]
[Site "Groningen NED"]
[Date "2015.12.30"]
[Round "9.6"]
[White "Maatman, Nick"]
[Black "Brink, Barry"]
[Result "0-1"]
[WhiteElo "2258"]
[BlackElo "2360"]
[WhiteFideId "1040391"]
[BlackFideId "1009451"]
[EventDate "2015.12.21"]

1. d4 Nf6 2. c4 e6 3. Nf3 Bb4+ 4. Nbd2 b6 5. a3 Bxd2+ 6. Bxd2 Bb7 7. g3 O-O 8.
Bg2 d6 9. O-O Nbd7 10. b4 Qe7 11. Rc1 c5 12. Bc3 d5 13. bxc5 bxc5 14. dxc5 Nxc5
15. cxd5 Bxd5 16. Bxf6 gxf6 17. Qd4 Rac8 18. Qg4+ Kh8 19. Qh4 Rc7 20. Nd4 Bxg2
21. Kxg2 Rfc8 22. Kg1 Nd7 23. Rxc7 Rxc7 24. Qe4 Qc5 25. Rb1 Qe5 26. Qa8+ Kg7 27.
Qd8 Nb6 28. Nf3 Qc5 29. Rb4 h5 30. e4 Rd7 31. Qb8 Qc1+ 32. Kg2 Qxa3 33. Rb5 Qd6
34. Qxd6 Rxd6 35. Rxh5 Nd7 36. Ra5 a6 37. h4 Nb8 38. e5 fxe5 39. Nxe5 Rd5 40.
Rxd5 exd5 41. Kf3 Kf6 42. Nd3 Nc6 43. Nc5 a5 44. g4 Ke5 45. h5 Kd4 46. Nb3+ Kc3
47. Nc5 Kd4 48. Nb3+ Kc4 49. Nxa5+ Nxa5 50. Ke2 Nc6 51. f4 Nd4+ 52. Ke3 Ne6 53.
g5 d4+ 54. Ke4 d3 55. g6 fxg6 56. hxg6 d2 57. f5 Nc5+ 0-1

[Event "53rd Groningen Open 2015"]
[Site "Groningen NED"]
[Date "2015.12.30"]
[Round "9.7"]
[White "Lobzhanidze, Davit"]
[Black "Chen, Pengyu"]
[Result "1/2-1/2"]
[WhiteTitle "IM"]
[BlackTitle "FM"]
[WhiteElo "2425"]
[BlackElo "2289"]
[WhiteFideId "13600796"]
[BlackFideId "3212092"]
[EventDate "2015.12.21"]

1. e4 c5 2. Nf3 d6 3. Bb5+ Nd7 4. O-O a6 5. Bd3 Ngf6 6. c3 b5 7. Bc2 c4 8. b3
cxb3 9. axb3 e5 10. d4 Be7 11. Nbd2 Qc7 12. c4 Bb7 13. Re1 O-O 14. Bb2 Rfe8 15.
Rc1 Qb8 16. b4 bxc4 17. Ba4 Rd8 18. d5 a5 19. bxa5 Nc5 20. Nxc4 Ncxe4 21. Bc6
Qa7 22. Qc2 Nc5 23. Ba3 Bxc6 24. dxc6 e4 25. Nd4 Nd3 26. Nb5 Nxe1 27. Rxe1 Qa6
28. Nd4 Ra7 29. Rb1 d5 30. Bxe7 Rxe7 31. Nb6 Ne8 32. Qc5 Ra7 33. Ra1 Nc7 34. h3
h6 35. Ra3 Kh7 1/2-1/2

[Event "53rd Groningen Open 2015"]
[Site "Groningen NED"]
[Date "2015.12.30"]
[Round "9.8"]
[White "De Jong, Migchiel"]
[Black "Beerdsen, Thomas"]
[Result "1/2-1/2"]
[WhiteTitle "IM"]
[BlackTitle "FM"]
[WhiteElo "2336"]
[BlackElo "2323"]
[WhiteFideId "1002848"]
[BlackFideId "1030108"]
[EventDate "2015.12.21"]

1. e4 e5 2. Nf3 Nc6 3. Bb5 a6 4. Ba4 Nf6 5. O-O b5 6. Bb3 Bc5 7. d3 h6 8. a4 Rb8
9. axb5 axb5 10. Be3 Bb6 11. Bxb6 Rxb6 12. d4 d6 13. dxe5 Nxe5 14. Nxe5 dxe5 15.
Qxd8+ Kxd8 16. Nc3 b4 17. Rfd1+ Ke7 18. Nd5+ Nxd5 19. Rxd5 f6 20. Rc5 Kd6 21.
Rd5+ Ke7 22. Rc5 c6 23. Ra7+ Kd6 24. Rca5 Bb7 25. Bc4 Rd8 26. b3 Kc7 27. Bd3 Kb8
28. Kf1 c5 29. Ke2 Rd4 30. f3 h5 31. Ra1 Kc7 32. Bc4 Kd6 33. R1a5 h4 34. h3 g6
35. Bd3 f5 36. exf5 gxf5 37. Bxf5 c4 38. Ke3 Rf4 39. Be4 Bxe4 40. fxe4 cxb3 41.
cxb3 Rc6 42. Rd5+ Ke6 43. Rh7 Rc2 44. Rh5 Re2+ 45. Kxe2 Rxe4+ 46. Kf3 Kxd5 47.
Rh8 Rf4+ 48. Ke3 Re4+ 49. Kf3 Rf4+ 1/2-1/2

[Event "53rd Groningen Open 2015"]
[Site "Groningen NED"]
[Date "2015.12.30"]
[Round "9.9"]
[White "Van Osch, Mees"]
[Black "Pruijssers, Roeland"]
[Result "1/2-1/2"]
[BlackTitle "GM"]
[WhiteElo "2289"]
[BlackElo "2489"]
[WhiteFideId "1035967"]
[BlackFideId "1013068"]
[EventDate "2015.12.21"]

1. e4 e5 2. Nf3 Nc6 3. d4 exd4 4. Nxd4 Nf6 5. Nc3 Bb4 6. Nxc6 bxc6 7. Bd3 d5 8.
exd5 cxd5 9. O-O O-O 10. h3 c6 11. Qf3 Re8 12. Bf4 Be6 13. Ne2 Bd6 14. Rfe1 Qc7
15. Rad1 Rab8 16. b3 a5 1/2-1/2

[Event "53rd Groningen Open 2015"]
[Site "Groningen NED"]
[Date "2015.12.30"]
[Round "9.10"]
[White "Von Meijenfeldt, Bart"]
[Black "Soors, Stef"]
[Result "1/2-1/2"]
[WhiteTitle "FM"]
[BlackTitle "IM"]
[WhiteElo "2283"]
[BlackElo "2398"]
[WhiteFideId "1032259"]
[BlackFideId "209511"]
[EventDate "2015.12.21"]

1. Nf3 Nf6 2. c4 Nc6 3. d4 e6 4. Nc3 Bb4 5. Qc2 d6 6. a3 Bxc3+ 7. Qxc3 O-O 8.
Bg5 h6 9. Bh4 g5 10. Bg3 Ne4 11. Qc2 f5 12. e3 h5 13. h4 g4 14. Ng5 Nxg3 15.
fxg3 e5 16. d5 Ne7 17. e4 fxe4 18. Nxe4 Nf5 19. Bd3 Nd4 20. Qd2 Bf5 21. O-O Kg7
22. Ng5 Qe7 23. Rae1 Bd7 24. Nf7 Rxf7 25. Rxf7+ Kxf7 26. Qh6 Qf6 27. Qh7+ Qg7
28. Bg6+ Kf6 29. Rf1+ Bf5 30. Bxf5 Qxh7 31. Bxh7+ Kg7 32. Bd3 a5 33. Kf2 Rf8+
34. Ke1 Re8 35. Be4 Rb8 36. Bd3 Re8 37. Be4 b5 38. cxb5 a4 39. Kd2 Nxb5 40. Rc1
Rf8 41. Ke3 Rb8 42. Bd3 Kf6 43. Rf1+ Kg7 44. Rc1 Kf6 45. Rf1+ Kg7 1/2-1/2

[Event "53rd Groningen Open 2015"]
[Site "Groningen NED"]
[Date "2015.12.30"]
[Round "9.11"]
[White "Ypma, Peter"]
[Black "Kerigan, Demre"]
[Result "1/2-1/2"]
[BlackTitle "IM"]
[WhiteElo "2228"]
[BlackElo "2374"]
[WhiteFideId "1027255"]
[BlackFideId "6307841"]
[EventDate "2015.12.21"]

1. e4 d6 2. d4 Nf6 3. Nc3 c6 4. Nf3 g6 5. a4 Bg7 6. h3 O-O 7. Be3 Qc7 8. Bc4
Nbd7 9. O-O Nxe4 10. Nxe4 d5 11. Bd3 dxe4 12. Bxe4 Nf6 13. Bd3 Nd5 14. Bd2 c5
15. c3 cxd4 16. Nxd4 Nf4 17. Be4 Ne6 18. Nb5 Qb8 19. Qf3 a6 20. Na3 Nc5 21. Bc2
Be6 22. Be3 Qc7 23. Rad1 Be5 24. Bd4 Rfd8 25. Rfe1 Bxd4 26. Rxd4 Nd7 27. Red1
Nf6 28. Nb1 Rxd4 29. Rxd4 Qe5 30. Qd1 Kg7 31. Nd2 Rc8 32. Nf3 Qc5 33. Bb3 Rc6
34. Rd8 Bxb3 35. Qxb3 Ne4 36. Rd4 Nxf2 37. Qxb7 Nd3 38. b4 Qxc3 39. Rxd3 Qc1+
40. Kf2 Rc2+ 41. Kg3 Qf1 42. Rd2 Rxd2 43. Nxd2 Qe1+ 44. Kh2 Qxd2 45. Qxe7 Qf4+
46. Kh1 Qf1+ 47. Kh2 Qf4+ 48. Kh1 Qf1+ 49. Kh2 1/2-1/2

[Event "53rd Groningen Open 2015"]
[Site "Groningen NED"]
[Date "2015.12.30"]
[Round "9.12"]
[White "Warmerdam, Max"]
[Black "Saravanan, V."]
[Result "1-0"]
[WhiteTitle "FM"]
[BlackTitle "IM"]
[WhiteElo "2335"]
[BlackElo "2283"]
[WhiteFideId "1048104"]
[BlackFideId "5000580"]
[EventDate "2015.12.21"]

1. e4 e6 2. d4 d5 3. Nc3 Nc6 4. Nf3 Nf6 5. Bd3 Bb4 6. O-O Bxc3 7. exd5 Bxd4 8.
dxc6 Bb6 9. Ne5 bxc6 10. Qf3 Bb7 11. Qg3 Qe7 12. a4 O-O-O 13. Qxg7 Rhg8 14. Qxf7
c5 15. g3 Qd6 16. Qxf6 Qd5 17. Be4 Qxe4 18. Qxe6+ Kb8 19. Nd7+ 1-0

[Event "53rd Groningen Open 2015"]
[Site "Groningen NED"]
[Date "2015.12.30"]
[Round "9.13"]
[White "Liu, Yi"]
[Black "Amesz, Jaap"]
[Result "1/2-1/2"]
[WhiteTitle "FM"]
[WhiteElo "2306"]
[BlackElo "2166"]
[WhiteFideId "3210588"]
[BlackFideId "1007106"]
[EventDate "2015.12.21"]

1. Nf3 d5 2. d4 c5 3. e3 Nf6 4. c4 cxd4 5. exd4 Nc6 6. Nc3 g6 7. cxd5 Nxd5 8.
Qb3 Nxc3 9. Bc4 Nd5 10. Bxd5 e6 11. Bxc6+ bxc6 12. O-O Ba6 13. Rd1 Be2 14. Re1
Bxf3 15. Qxf3 Rc8 16. Be3 Bg7 17. Rac1 Qa5 18. a3 O-O 19. Qe2 Rfd8 20. Rc5 Qb6
21. Rd1 Rd5 22. b4 Rcd8 23. Qc2 Bxd4 24. Rxc6 Qb7 25. Bxd4 Rxd4 26. Rxd4 Rxd4
27. h3 Rd8 28. Qc5 Rd1+ 29. Kh2 Qb8+ 30. g3 Rd8 31. Rc7 a6 32. a4 h5 33. h4 Qa8
34. Rc6 Qb7 35. b5 axb5 36. axb5 Rd5 37. Rc8+ Kg7 38. Qf8+ Kf6 39. Qh8+ Kf5 40.
Rc4 e5 41. Rc6 Rxb5 42. Rf6+ Ke4 43. Qe8 Rb1 44. Rxf7 Qd5 45. Rd7 Qa2 46. Qxg6+
Kf3 47. Qf6+ Ke2 48. Qxe5+ Kxf2 49. Qf4+ Ke1+ 50. Kg1 Ke2+ 51. Kh2 Ke1+ 52. Kg1
Ke2+ 53. Kh2 1/2-1/2

[Event "53rd Groningen Open 2015"]
[Site "Groningen NED"]
[Date "2015.12.30"]
[Round "9.14"]
[White "Kalaiyalahan, Akshaya"]
[Black "Schoppen, Casper"]
[Result "1/2-1/2"]
[WhiteElo "2157"]
[BlackElo "2305"]
[WhiteFideId "422894"]
[BlackFideId "1046730"]
[EventDate "2015.12.21"]

1. d4 Nf6 2. c4 g6 3. g3 Bg7 4. Bg2 O-O 5. Nc3 c5 6. d5 d6 7. e4 e6 8. Nge2 exd5
9. exd5 Re8 10. O-O Bf5 11. Bf4 Ne4 12. Nxe4 Bxe4 13. Bxe4 Rxe4 14. Qc2 Re8 15.
Nc3 f5 16. Rfe1 Be5 17. Bxe5 dxe5 18. Rad1 Nd7 19. f3 Nf6 20. Re2 a6 21. d6 Qd7
22. Qd2 Rad8 23. Qe3 Qc6 24. Red2 Kg7 25. Nd5 Rxd6 26. Nc7 Red8 27. Ne6+ Rxe6
28. Rxd8 e4 29. f4 b6 30. h3 h5 31. Qc3 Kf7 32. Qe3 Ke7 33. b3 Qc7 34. R8d2 Kf7
35. Kf1 Re7 36. Rd6 Ne8 37. R6d5 Nf6 38. R5d2 Kg7 39. Ke2 Kf7 40. Rd6 Ne8 41.
Rd8 Qc6 42. Qd2 Qe6 43. Rd7 Nc7 44. Qd6 Qxd6 45. R1xd6 Ne6 46. Rxe7+ Kxe7 47.
Rxb6 h4 48. Kf2 g5 49. Rxe6+ Kxe6 50. fxg5 hxg3+ 51. Kxg3 a5 52. Kf4 Kf7 53. h4
Kg6 54. a3 Kh5 55. Kxf5 e3 56. g6 e2 57. g7 e1=Q 58. g8=Q Qf2+ 59. Ke6 Qe3+ 60.
Kd6 Kxh4 61. Qh8+ Kg4 62. Qg7+ Kh3 63. Qd7+ Kg2 64. Qc6+ Kg3 65. Qxc5 Qxb3 66.
Qg5+ Kh3 67. Qc5 Kg3 68. Kc6 a4 69. Qd6+ Kh3 70. Qe6+ Kg3 71. Qd6+ Kh3 72. Kd5
Qd3+ 73. Ke5 1/2-1/2

[Event "53rd Groningen Open 2015"]
[Site "Groningen NED"]
[Date "2015.12.30"]
[Round "9.16"]
[White "Kevlishvili, Robby"]
[Black "Sparenberg, Erik"]
[Result "1-0"]
[WhiteTitle "FM"]
[WhiteElo "2351"]
[BlackElo "2110"]
[WhiteFideId "1040634"]
[BlackFideId "1013262"]
[EventDate "2015.12.21"]

1. e4 e5 2. Nf3 Nc6 3. Bb5 a6 4. Ba4 Nf6 5. O-O Be7 6. Re1 b5 7. Bb3 d6 8. c3
O-O 9. h3 Na5 10. Bc2 c5 11. d4 Qc7 12. Nbd2 cxd4 13. cxd4 Nc6 14. Nb3 a5 15.
Be3 a4 16. Nbd2 Bd7 17. Rc1 Qb7 18. Nf1 Rfc8 19. Ng3 Bd8 20. d5 Nb4 21. Bb1 Bb6
22. Rxc8+ Rxc8 23. Bg5 Ne8 24. Qd2 Na6 25. Nh4 f6 26. Be3 Qc7 27. Bxb6 Qxb6 28.
Nhf5 Rc7 29. Kh2 b4 30. f4 a3 31. fxe5 Bxf5 32. Nxf5 fxe5 33. Rf1 h6 34. bxa3
bxa3 35. Qd3 Qa5 36. Qg3 Kh7 37. Nh4 g5 38. Nf5 Rc3 39. Qf2 Qd8 40. Qe2 Nac7 41.
Qd2 Rc5 42. Qe3 Nb5 43. Bd3 Nc3 44. Qf2 Qf6 45. Qd2 Ng7 46. Ne3 Qg6 47. Nc4 Nb5
48. Qb4 g4 49. Nxe5 dxe5 50. Qxc5 Nd4 51. Qc1 Nf3+ 52. gxf3 g3+ 53. Kg2 Nh5 54.
f4 1-0

[Event "53rd Groningen Open 2015"]
[Site "Groningen NED"]
[Date "2015.12.30"]
[Round "9.17"]
[White "Vrolijk, Liam"]
[Black "Berkovich, Mark A"]
[Result "0-1"]
[BlackTitle "IM"]
[WhiteElo "2094"]
[BlackElo "2353"]
[WhiteFideId "1048333"]
[BlackFideId "2801639"]
[EventDate "2015.12.21"]

1. d4 Nf6 2. c4 e6 3. Nf3 d5 4. Nc3 Bb4 5. Qa4+ Nc6 6. e3 O-O 7. Qc2 dxc4 8.
Bxc4 Bd6 9. O-O e5 10. d5 Ne7 11. e4 Ng6 12. Be2 a6 13. Nd2 Nf4 14. Nc4 Nxe2+
15. Qxe2 h6 16. Nxd6 cxd6 17. f4 b5 18. fxe5 dxe5 19. b4 Bg4 20. Qe1 Bh5 21. Be3
Bg6 22. Bc5 Re8 23. a4 bxa4 24. Rxa4 a5 25. b5 Qc7 26. Be3 Rec8 27. Bd2 Nd7 28.
Ra2 Qc4 29. Ra4 Qc5+ 30. Kh1 Qc7 31. Ra2 Nb6 32. Na4 Nxa4 33. Rxa4 Qc2 34. Rxa5
Rxa5 35. Bxa5 Bxe4 36. Rf2 Qa4 37. Re2 Bxd5 38. Rxe5 Qxb5 39. Re2 f5 40. Rf2
Qxa5 0-1

[Event "53rd Groningen Open 2015"]
[Site "Groningen NED"]
[Date "2015.12.30"]
[Round "9.18"]
[White "Bezemer, Arno"]
[Black "Heemskerk, Wim"]
[Result "1/2-1/2"]
[WhiteTitle "FM"]
[BlackTitle "FM"]
[WhiteElo "2287"]
[BlackElo "2181"]
[WhiteFideId "1001396"]
[BlackFideId "1001000"]
[EventDate "2015.12.21"]

1. e4 e6 2. d4 d5 3. Nd2 Be7 4. Ngf3 Nf6 5. e5 Nfd7 6. Bd3 c5 7. c3 b6 8. O-O
Ba6 9. Bxa6 Nxa6 10. Re1 b5 11. a4 b4 12. Qe2 Nc7 13. cxb4 cxb4 14. b3 O-O 15.
Bb2 Rc8 16. Rac1 Nb8 17. Nf1 Qd7 18. h4 h6 19. Ne3 Rfd8 20. Ng4 Ne8 21. Qe3 Rxc1
22. Bxc1 Bf8 23. Bd2 Rc8 24. h5 Nc6 25. Qd3 Qb7 26. Ne3 Nb8 27. g3 Qa6 28. Qxa6
Nxa6 29. Kf1 Nb8 30. Ke2 Nc6 31. Rc1 1/2-1/2

[Event "53rd Groningen Open 2015"]
[Site "Groningen NED"]
[Date "2015.12.30"]
[Round "9.19"]
[White "Bhattacharjee, Sourav"]
[Black "Afek, Yochanan"]
[Result "0-1"]
[BlackTitle "IM"]
[WhiteElo "2067"]
[BlackElo "2267"]
[WhiteFideId "1048090"]
[BlackFideId "2800462"]
[EventDate "2015.12.21"]

1. e4 c5 2. Nf3 Nc6 3. d4 cxd4 4. Nxd4 g6 5. Nc3 Bg7 6. Be3 Nf6 7. Bc4 Qa5 8.
O-O O-O 9. Bb3 d6 10. f3 Bd7 11. Qe2 Rac8 12. Rae1 a6 13. Kh1 b5 14. Nd5 Nxd5
15. Nxc6 Bxc6 16. exd5 Bd7 17. Bd2 Qc7 18. c3 Rfe8 19. f4 Qb7 20. f5 Bxf5 21.
Rxf5 gxf5 22. Qh5 e5 23. dxe6 d5 24. exf7+ Qxf7 25. Rxe8+ Qxe8 26. Bxd5+ Kh8 27.
Qxf5 Rc5 28. Qf3 Qd7 29. Bb3 Rc8 30. Bf4 Re8 31. g3 Qe7 32. Kg2 Qe2+ 33. Qxe2
Rxe2+ 34. Kh3 a5 35. c4 a4 36. Bd1 Re1 37. cxb5 Rxd1 38. b6 Rd7 39. Bc7 Bd4 40.
b7 Ba7 41. b8=Q+ Bxb8 42. Bxb8 Rd2 43. Be5+ Kg8 44. a3 Kf7 45. g4 Ke6 46. Bc3
Re2 47. Kg3 Kd5 48. h4 Ke4 49. h5 Re3+ 50. Kh4 Kf3 51. g5 Re4+ 52. Kh3 Rg4 53.
Bf6 Rg2 54. h6 Rg4 55. Kh2 Kf4 56. Kh3 Rxg5 57. Bxg5+ Kxg5 58. Kg3 Kxh6 59. Kh4
Kg6 60. Kg4 Kf6 61. Kf4 Ke6 0-1

[Event "53rd Groningen Open 2015"]
[Site "Groningen NED"]
[Date "2015.12.30"]
[Round "9.20"]
[White "Bianco, Valerio"]
[Black "Van Meegen, Ruud"]
[Result "1/2-1/2"]
[WhiteElo "2035"]
[BlackElo "2111"]
[WhiteFideId "800600"]
[BlackFideId "1034995"]
[EventDate "2015.12.21"]

1. d4 c5 2. d5 g6 3. e4 Bg7 4. Nf3 d6 5. Nc3 Nf6 6. Bb5+ Nbd7 7. a4 O-O 8. O-O
a6 9. Be2 Ne8 10. Re1 Nc7 11. Bf1 Rb8 12. Bf4 b5 13. Qd2 bxa4 14. Nxa4 Nb6 15.
c3 Bd7 16. Nxb6 Rxb6 17. Ra2 Qb8 18. Be3 Nb5 19. Bh6 Qb7 20. Bxg7 Kxg7 21. Qc2
Nc7 22. Nd2 Qc8 23. Nc4 Rb8 24. Raa1 Qb7 25. Ra3 Nb5 26. Ra2 Rbe8 27. Raa1 e5
28. dxe6 Bxe6 29. Rad1 Qc6 30. Ne3 Qd7 31. Bc4 Bxc4 32. Nxc4 Qe6 33. Nd2 f5 34.
exf5 Qxe1+ 35. Rxe1 Rxe1+ 36. Nf1 Rxf5 37. f3 Rfe5 38. Kf2 R1e2+ 39. Qxe2 Rxe2+
40. Kxe2 Kf6 41. Kd3 Ke5 42. Kc4 Nc7 43. Ne3 a5 44. g3 a4 45. Ng4+ Ke6 46. Ne3
Ke5 47. Ng4+ Ke6 48. Ne3 1/2-1/2

[Event "53rd Groningen Open 2015"]
[Site "Groningen NED"]
[Date "2015.12.30"]
[Round "9.21"]
[White "Den Hartog, Marijn"]
[Black "Hommes, Elmar"]
[Result "0-1"]
[WhiteElo "2197"]
[BlackElo "2078"]
[WhiteFideId "1046098"]
[BlackFideId "1017136"]
[EventDate "2015.12.21"]

1. e4 e5 2. Nf3 Nc6 3. Bb5 a6 4. Ba4 Nf6 5. O-O d6 6. d3 g6 7. c3 Bg7 8. Re1 O-O
9. h3 b5 10. Bc2 Nb8 11. d4 Nbd7 12. Bg5 h6 13. Bh4 Bb7 14. a4 c5 15. dxe5 dxe5
16. Qd6 g5 17. Bg3 Re8 18. axb5 axb5 19. Rxa8 Qxa8 20. Na3 Re6 21. Qd1 Bc6 22.
h4 g4 23. Nh2 h5 24. f3 gxf3 25. Nxf3 Ng4 26. Ng5 Rg6 27. Qf3 Rf6 28. Qe2 c4 29.
Qd2 Bf8 30. Nf3 Bc5+ 31. Kh1 Rd6 32. Qc1 Rg6 33. Nh2 Nf2+ 34. Bxf2 Bxf2 35. Re2
Bxh4 36. Nf3 Bg3 37. Qe3 Bf4 38. Qf2 Nf6 39. Qc5 Nxe4 0-1

[Event "53rd Groningen Open 2015"]
[Site "Groningen NED"]
[Date "2015.12.30"]
[Round "9.24"]
[White "Ernst, Michael"]
[Black "Kokje, Joris"]
[Result "0-1"]
[WhiteElo "2177"]
[BlackElo "1975"]
[WhiteFideId "1618393"]
[BlackFideId "1051024"]
[EventDate "2015.12.21"]

1. d4 f5 2. Bf4 Nf6 3. e3 e6 4. Nf3 b6 5. h3 Bb7 6. Bd3 Be7 7. Nbd2 Ne4 8. O-O
d6 9. Bh2 O-O 10. Qe2 Qe8 11. a4 a5 12. Rfb1 Nd7 13. Bb5 Rd8 14. Qc4 Bd5 15.
Qxc7 Nxd2 16. Nxd2 Qg6 17. Bf1 Nf6 18. c4 Ba8 19. Qxb6 f4 20. Bxf4 Nh5 21. Qxa5
Nxf4 22. exf4 Rxf4 23. Qc3 Rdf8 24. Qe3 Bh4 25. f3 Bxf3 26. Nxf3 Rxf3 27. Qe2
Bf2+ 28. Kh2 Rxh3+ 0-1

[Event "53rd Groningen Open 2015"]
[Site "Groningen NED"]
[Date "2015.12.30"]
[Round "9.25"]
[White "Gerlagh, Joris"]
[Black "Elgersma, Simon"]
[Result "1-0"]
[WhiteElo "2159"]
[BlackElo "2017"]
[WhiteFideId "1038834"]
[BlackFideId "1046101"]
[EventDate "2015.12.21"]

1. d4 Nf6 2. c4 g6 3. g3 Bg7 4. Bg2 d6 5. Nf3 O-O 6. Nc3 Nc6 7. O-O a6 8. Bf4
Rb8 9. Rc1 Bf5 10. Qd2 Ne4 11. Nxe4 Bxe4 12. d5 Bxf3 13. Bxf3 Ne5 14. Bg2 c5 15.
dxc6 bxc6 16. b4 Qb6 17. c5 Qxb4 18. Qxb4 Rxb4 19. cxd6 exd6 20. Bxe5 Bxe5 21.
Rxc6 Rb2 22. Rxa6 Rxe2 23. a4 Rb8 24. a5 Rbb2 25. Rb6 Ra2 26. a6 Bd4 27. Rb8+
Kg7 28. Bd5 Bxf2+ 29. Rxf2 Rxf2 30. a7 Rxa7 31. Kxf2 h5 32. Rd8 Kf6 33. Rxd6+
Ke5 34. Rd8 h4 35. Bf3 Ra2+ 36. Be2 hxg3+ 37. hxg3 f5 38. Rb8 g5 39. Rb6 Ra3 40.
Rg6 g4 41. Rb6 Rc3 42. Rb4 Ra3 43. Rb5+ Ke4 44. Rb4+ Ke5 45. Rf4 Rc3 46. Ra4 Rb3
47. Ra8 Rc3 48. Re8+ Kd4 49. Bd1 Ra3 50. Re7 Rc3 51. Ra7 Ke5 52. Ra5+ Ke4 53.
Rb5 Rc1 54. Bb3 Rc3 55. Bd5+ Ke5 56. Bf3+ Ke6 57. Be2 Kf6 58. Rd5 Kg5 59. Bd3
Ra3 60. Rxf5+ Kg6 61. Rd5+ Kf6 62. Be2 Ra4 63. Ke3 Ra3+ 64. Bd3 1-0

[Event "53rd Groningen Open 2015"]
[Site "Groningen NED"]
[Date "2015.12.30"]
[Round "9.26"]
[White "Kasparova, Tatiana"]
[Black "Drozdowski, Konrad"]
[Result "1-0"]
[WhiteTitle "WIM"]
[WhiteElo "2158"]
[BlackElo "1987"]
[WhiteFideId "13501453"]
[BlackFideId "1106279"]
[EventDate "2015.12.21"]

1. e4 c5 2. Nf3 e6 3. d4 cxd4 4. Nxd4 a6 5. Bd3 Nf6 6. O-O Qc7 7. c4 d6 8. Nc3
g6 9. Be3 Bg7 10. Rc1 O-O 11. Be2 Nbd7 12. f3 b6 13. b4 Bb7 14. Qd2 Ne5 15. Na4
Nfd7 16. Rfd1 Rfd8 17. Bg5 Bf6 18. Be3 Be7 19. a3 Nc6 20. Nb3 Na7 21. Bf1 Nc8
22. Qf2 Bc6 23. Nc3 Qb8 24. Bf4 Ne5 25. Qg3 Be8 26. Be3 Nc6 27. f4 Bf6 28. Bf2
Qb7 29. Be2 Rb8 30. Qe3 Kh8 31. Bf3 Qe7 32. Qe2 N6a7 33. Nd4 Bg7 34. Rc2 Nc6 35.
Nb3 N6a7 36. Qe3 Nc6 37. Ne2 N6a7 38. Rcd2 Ba4 39. Rb1 Qc7 40. Qd3 Rd7 41. Nbd4
e5 42. Nc3 exd4 43. Nxa4 b5 44. Nb2 Nc6 45. Rc2 N8e7 46. Rbc1 Qb6 47. cxb5 axb5
48. e5 Nxe5 49. fxe5 dxe5 50. Rc5 f5 51. Re1 e4 52. Bxe4 fxe4 53. Rxe4 Nf5 54.
Qe2 Rdd8 55. Nd3 Qa6 56. g4 Nd6 57. Re7 Re8 58. Bg3 Qb6 59. Bxd6 Rxe7 60. Qxe7 1-0

[Event "53rd Groningen Open 2015"]
[Site "Groningen NED"]
[Date "2015.12.30"]
[Round "9.27"]
[White "Willemsma, Abe"]
[Black "Ratsma, Midas"]
[Result "1/2-1/2"]
[WhiteElo "2067"]
[BlackElo "2131"]
[WhiteFideId "1011561"]
[BlackFideId "1032283"]
[EventDate "2015.12.21"]

1. e4 e6 2. d4 d5 3. Nc3 Bb4 4. e5 c5 5. a3 Bxc3+ 6. bxc3 Ne7 7. Qg4 Qc7 8. Qxg7
Rg8 9. Qxh7 cxd4 10. Ne2 dxc3 11. f4 Nbc6 12. Nxc3 Nd4 13. Qd3 Ndf5 14. Rb1 Bd7
15. Rb4 Nc6 16. Rb1 Ncd4 17. Rb4 Nc6 18. Rb1 a6 19. g3 Rc8 20. Bh3 Ncd4 21. Bd2
Qc5 22. Rxb7 Nxc2+ 23. Qxc2 d4 24. Qd3 Qxa3 25. Bxf5 exf5 26. O-O Bc6 27. Nb5
Qxd3 28. Nd6+ Kd8 29. Nxf7+ 1/2-1/2

[Event "53rd Groningen Open 2015"]
[Site "Groningen NED"]
[Date "2015.12.30"]
[Round "9.28"]
[White "Taal, Rieks"]
[Black "Pajeken, Jakob Leon"]
[Result "1-0"]
[WhiteElo "2071"]
[BlackElo "2101"]
[WhiteFideId "1043978"]
[BlackFideId "12942839"]
[EventDate "2015.12.21"]

1. Nf3 d5 2. g3 g6 3. c4 e6 4. Bg2 Bg7 5. O-O Ne7 6. Qc2 O-O 7. Rd1 b6 8. d4 Bb7
9. cxd5 exd5 10. Bf4 Na6 11. Nbd2 Rc8 12. Bh3 f5 13. Rac1 c5 14. Qb1 c4 15. Bg2
Qd7 16. Ne5 Bxe5 17. Bxe5 Nc6 18. Nf3 Qe7 19. b3 c3 20. Rd3 Nxe5 21. Nxe5 Qb4
22. Qa1 c2 23. a3 Qa5 24. Qb2 Rc7 25. b4 Qa4 26. Rc3 Rfc8 27. Rxc7 Rxc7 28. Nd3
Qc6 29. b5 1-0

[Event "53rd Groningen Open 2015"]
[Site "Groningen NED"]
[Date "2015.12.30"]
[Round "9.29"]
[White "Chaurette, Laurent"]
[Black "Keetman, Maaike"]
[Result "0-1"]
[WhiteElo "1987"]
[BlackElo "2087"]
[WhiteFideId "2623323"]
[BlackFideId "1033697"]
[EventDate "2015.12.21"]

1. d4 Nf6 2. Nf3 g6 3. Nbd2 Bg7 4. e4 d6 5. Bd3 O-O 6. O-O c5 7. d5 e6 8. c4
exd5 9. cxd5 a6 10. a4 Qc7 11. Nc4 Nh5 12. Bd2 b6 13. Qb3 Nd7 14. Bc3 Nf4 15.
Bxg7 Kxg7 16. Rfe1 Nxd3 17. Qxd3 f6 18. Qc3 Ne5 19. Nfd2 Bd7 20. f4 Nxc4 21.
Nxc4 b5 22. axb5 axb5 23. Nd2 Rfe8 24. h3 b4 25. Qg3 Rxa1 26. Rxa1 c4 27. Rc1
Bb5 28. Qe3 Rc8 29. Qd4 Qc5 30. Qxc5 Rxc5 31. Kf2 c3 32. bxc3 bxc3 33. Nb3 Rc4
34. Ke3 c2 35. Na1 Rc3+ 36. Kd2 Rg3 37. Rg1 Rd3+ 38. Kxc2 Re3 39. e5 fxe5 40.
Rb1 Bd3+ 41. Kd2 exf4 42. Rb7+ Kf6 43. Rd7 Be4 44. Rxd6+ Ke7 45. Re6+ Kf7 46.
Nc2 Rd3+ 47. Ke2 Bxd5 48. Rd6 Ke7 49. Kxd3 Kxd6 50. Ne1 Ke5 51. Ke2 Be4 52. Kf2
Kd4 53. h4 h6 54. Ke2 g5 55. hxg5 hxg5 56. Kf2 g4 57. Ke2 Kc3 58. g3 f3+ 59. Ke3
f2 60. Kxf2 Kd2 61. Kf1 Ke3 62. Kg1 Ke2 63. Ng2 Bxg2 0-1